[Event "EU-ch U12 rapid"]
[Site "Terme Catez"]
[Date "2023.09.28"]
[Round "3"]
[White "Gibala, Adam"]
[Black "Sandmann, Villads Majvang"]
[Result "1-0"]
[WhiteElo "2057"]
[BlackElo "1660"]
[PlyCount "78"]
[EventDate "2023.09.28"]
[EventType "swiss (rapid)"]
[EventRounds "9"]
[EventCountry "SLO"]
[SourceTitle "EXT 2024"]
[Source "ChessBase"]
[SourceDate "2023.10.10"]
[SourceVersion "1"]
[SourceVersionDate "2023.10.10"]
[SourceQuality "1"]

1. d4 Nf6 2. c4 e6 3. g3 Bb4+ 4. Bd2 Qe7 5. Bg2 d5 6. a3 Bxd2+ 7. Nxd2 0-0 8. Ngf3 b6 9. 0-0 Bb7 10. cxd5 exd5 11. Re1 Nbd7 12. Qc2 c5 13. Qf5 Rac8 14. Rad1 Rfe8 15. h4 g6 16. Qf4 Nh5 17. Qh6 Qf8 18. Qxf8+ Kxf8 19. Nf1 Rcd8 20. Ne3 Nxg3 21. dxc5 Nxc5 22. b4 Na4 23. Nd4 Ne4 24. Nec2 Nf6 25. e3 Nb2 26. Rb1 Nc4 27. a4 Bc8 28. Rbc1 Bd7 29. b5 Nb2 30. Ra1 Re5 31. Nb4 Rh5 32. Nbc6 Bxc6 33. bxc6 Rxh4 34. Bf3 Nd3 35. Red1 Nc5 36. a5 Ne6 37. Nb5 a6 38. c7 Rc8 39. axb6 Nc5 1-0

[Event "POL-chT 2nd League"]
[Site "Jastrzebia Gora"]
[Date "2023.09.06"]
[Round "5.64"]
[White "Gibala, Adam"]
[Black "Warszawski, Bartosz"]
[Result "1-0"]
[WhiteElo "1828"]
[BlackElo "2159"]
[PlyCount "75"]
[EventDate "2023.09.02"]
[EventType "team-swiss"]
[EventRounds "9"]
[EventCountry "POL"]
[SourceTitle "EXT 2024"]
[Source "ChessBase"]
[SourceDate "2023.10.10"]
[SourceVersion "1"]
[SourceVersionDate "2023.10.10"]
[SourceQuality "1"]
[WhiteTeam "Wroclaw Srodmiescie"]
[BlackTeam "Warszawa YMCA"]
[WhiteTeamCountry "POL"]
[BlackTeamCountry "POL"]

1. d4 d5 2. c4 e6 3. Nf3 c5 4. cxd5 exd5 5. g3 Nc6 6. Bg2 Nf6 7. 0-0 Be7 8. a3 c4 9. b3 0-0 10. bxc4 dxc4 11. Nc3 Qa5 12. Bb2 Rd8 13. h3 Qh5 14. g4 Nxg4 15. hxg4 Bxg4 16. Ne4 Qg6 17. Ng3 h5 18. Qb1 f5 19. d5 h4 20. dxc6 hxg3 21. fxg3 Bc5+ 22. Kh1 Qxc6 23. Nh4 Qh6 24. Qc1 Be3 25. Qxc4+ Kh8 26. Bf3 Bh3 27. Rfd1 f4 28. Qf7 fxg3 29. Qh5 Qxh5 30. Bxh5 Rxd1+ 31. Rxd1 Rc8 32. Bg6 Bg5 33. Nf3 Be7 34. Rd5 Bg4 35. Kg2 Rc6 36. Bd3 Rb6 37. Bd4 Rb3 38. Re5 1-0

[Event "POL-ch Blitz U18"]
[Site "Bydgoszcz"]
[Date "2023.08.31"]
[Round "1"]
[White "Gibala, Adam"]
[Black "Kurczewski, Borys"]
[Result "1-0"]
[WhiteElo "1810"]
[BlackElo "1063"]
[PlyCount "48"]
[EventDate "2023.08.28"]
[EventType "swiss"]
[EventRounds "10"]
[EventCountry "POL"]
[SourceTitle "EXT 2024"]
[Source "ChessBase"]
[SourceDate "2023.10.10"]
[SourceVersion "1"]
[SourceVersionDate "2023.10.10"]
[SourceQuality "1"]

1. e4 c5 2. Nf3 e6 3. d4 cxd4 4. Nxd4 Nf6 5. Nc3 Nc6 6. Nxc6 bxc6 7. e5 Nd5 8. Ne4 Bb7 9. a3 Be7 10. c4 Nb6 11. Nd6+ Bxd6 12. exd6 0-0 13. Be2 f5 14. 0-0 Qf6 15. Rb1 e5 16. b4 e4 17. Bb2 Qe6 18. c5 Nd5 19. Qd4 Qf6 20. Qxd5+ cxd5 21. Bxf6 Rxf6 22. Rfd1 f4 23. Rd4 Rc8 24. Bb5 Bc6 1-0

[Event "POL-ch Blitz U18"]
[Site "Bydgoszcz"]
[Date "2023.08.31"]
[Round "10"]
[White "Madejski, Milosz"]
[Black "Gibala, Adam"]
[Result "0-1"]
[WhiteElo "1505"]
[BlackElo "1810"]
[PlyCount "62"]
[EventDate "2023.08.28"]
[EventType "swiss"]
[EventRounds "10"]
[EventCountry "POL"]
[SourceTitle "EXT 2024"]
[Source "ChessBase"]
[SourceDate "2023.10.10"]
[SourceVersion "1"]
[SourceVersionDate "2023.10.10"]
[SourceQuality "1"]

1. d4 Nf6 2. c4 e6 3. Nc3 Bb4 4. Bd2 0-0 5. Nf3 b6 6. a3 Bxc3 7. Bxc3 Bb7 8. e3 d6 9. Be2 Nbd7 10. 0-0 Ne4 11. Rc1 f5 12. b4 c5 13. Qb3 Rb8 14. b5 Ndf6 15. dxc5 bxc5 16. Bxf6 Qxf6 17. Rfd1 g5 18. Nd2 Qe5 19. Nf3 Qf6 20. Nd2 Rbd8 21. Nxe4 fxe4 22. Rf1 Qe7 23. f3 exf3 24. Bxf3 Bxf3 25. Rxf3 Rxf3 26. gxf3 Rf8 27. e4 Qf6 28. Rf1 g4 29. Qd3 gxf3 30. Qxd6 f2+ 31. Kh1 Qf3# 0-1

[Event "Opole AZS op 1st"]
[Site "Opole"]
[Date "2023.08.15"]
[Round "8"]
[White "Bartel, Marta"]
[Black "Gibala, Adam"]
[Result "0-1"]
[WhiteElo "2102"]
[BlackElo "1810"]
[PlyCount "74"]
[EventDate "2023.08.15"]
[EventType "swiss (rapid)"]
[EventRounds "9"]
[EventCountry "POL"]
[SourceTitle "EXT 2024"]
[Source "ChessBase"]
[SourceDate "2023.10.10"]
[SourceVersion "1"]
[SourceVersionDate "2023.10.10"]
[SourceQuality "1"]

1. d4 Nf6 2. Nf3 e6 3. c4 Bb4+ 4. Nbd2 d5 5. e3 a5 6. cxd5 exd5 7. Bd3 b6 8. 0-0 Bb7 9. Ne5 0-0 10. Ndf3 Nbd7 11. Qc2 Bd6 12. b3 a4 13. bxa4 c5 14. Bb5 Rc8 15. Qf5 Rc7 16. Ba3 Bc8 17. Qg5 h6 18. Qh4 Qe7 19. Nc6 Qe6 20. Rac1 Bb7 21. dxc5 bxc5 22. Na5 Ba8 23. Nb3 Rfc8 24. Bb2 Ne4 25. Nbd2 Ndf6 26. Nxe4 Nxe4 27. Rfd1 Be7 28. Qh5 f6 29. Qg6 Qf7 30. Qxf7+ Kxf7 31. a5 Rb8 32. a4 Nd6 33. Nd4 Ra7 34. Ba3 cxd4 35. exd4 Nxb5 36. axb5 Bxa3 37. Rc3 Rxa5 0-1

[Event "Liberec op 22nd"]
[Site "Liberec"]
[Date "2023.03.03"]
[Round "9"]
[White "Luebke, Florentin"]
[Black "Gibala, Adam"]
[Result "1/2-1/2"]
[WhiteElo "1980"]
[BlackElo "1775"]
[PlyCount "58"]
[EventDate "2023.02.24"]
[EventType "swiss"]
[EventRounds "9"]
[EventCountry "CZE"]
[SourceTitle "CBM 213 Extra"]
[Source "ChessBase"]
[SourceDate "2023.05.31"]
[SourceVersion "1"]
[SourceVersionDate "2023.05.31"]
[SourceQuality "1"]

1. e4 e6 2. d4 d5 3. Nd2 a6 4. Ngf3 c5 5. exd5 exd5 6. dxc5 Bxc5 7. Nb3 Bb6 8. Bd3 Nf6 9. Qe2+ Qe7 10. Qxe7+ Kxe7 11. Bg5 h6 12. Bxf6+ Kxf6 13. 0-0 Nc6 14. c3 Bg4 15. Nbd4 Bxd4 16. Nxd4 Nxd4 17. cxd4 Rhe8 18. Rfe1 Bf5 19. Bxf5 Kxf5 20. f3 Rac8 21. Rxe8 Rxe8 22. Kf2 Rc8 23. Re1 Rc2+ 24. Re2 Rxe2+ 25. Kxe2 b5 26. Ke3 h5 27. b4 g5 28. g3 f6 29. h3 Kg6 1/2-1/2

[Event "Wroclaw Black Horse op-B 1st"]
[Site "Wroclaw"]
[Date "2023.02.23"]
[Round "10"]
[White "Gibala, Adam"]
[Black "Trusz, Julia"]
[Result "1/2-1/2"]
[WhiteElo "1775"]
[BlackElo "1772"]
[PlyCount "44"]
[EventDate "2023.02.18"]
[EventType "swiss"]
[EventRounds "10"]
[EventCountry "POL"]
[SourceTitle "EXT 2024"]
[Source "ChessBase"]
[SourceDate "2023.10.10"]
[SourceVersion "1"]
[SourceVersionDate "2023.10.10"]
[SourceQuality "1"]

1. e4 Nf6 2. e5 Nd5 3. d4 d6 4. c4 Nb6 5. exd6 exd6 6. Nc3 Be7 7. Be3 Nc6 8. Nf3 Bg4 9. h3 Bh5 10. g4 Bg6 11. d5 Nb4 12. Rc1 Qd7 13. a3 Na6 14. b4 0-0 15. Be2 Rae8 16. Nd4 Bh4 17. 0-0 f5 18. Ne6 Rf7 19. Qd2 c6 20. Nf4 Nc7 21. Rfd1 cxd5 22. cxd5 Ref8 1/2-1/2

[Event "Wroclaw Black Horse op-B 1st"]
[Site "Wroclaw"]
[Date "2023.02.21"]
[Round "6"]
[White "Gibala, Adam"]
[Black "Kaczmarska, Joanna"]
[Result "1-0"]
[WhiteElo "1775"]
[BlackElo "1908"]
[PlyCount "135"]
[EventDate "2023.02.18"]
[EventType "swiss"]
[EventRounds "10"]
[EventCountry "POL"]
[SourceTitle "EXT 2024"]
[Source "ChessBase"]
[SourceDate "2023.10.10"]
[SourceVersion "1"]
[SourceVersionDate "2023.10.10"]
[SourceQuality "1"]

1. e4 d5 2. exd5 Nf6 3. d4 Nxd5 4. c4 Nb6 5. Nc3 g6 6. Be3 Bg7 7. Be2 0-0 8. h3 Nc6 9. Nf3 e5 10. d5 Ne7 11. a4 Nf5 12. 0-0 e4 13. Nxe4 Nxe3 14. fxe3 Qe7 15. Nf2 Qxe3 16. a5 Nd7 17. Ra3 Qf4 18. b4 Ne5 19. Nxe5 Qxe5 20. Bf3 Qf4 21. Be4 Be5 22. g3 Qg5 23. Bg2 Bf5 24. Qf3 Qd2 25. b5 Bd4 26. Kh1 Qb4 27. Qb3 Qc5 28. Qa2 Rae8 29. Rf3 Bxf2 30. R1xf2 Re1+ 31. Rf1 Rxf1+ 32. Rxf1 Bd3 33. Rd1 Bxc4 34. Rc1 Re8 35. Qc2 b6 36. Kh2 Bxb5 37. Qxc5 bxc5 38. Rxc5 a6 39. Rxc7 Rd8 40. Kg1 Kf8 41. Kf2 Ke8 42. Ke3 Rd7 43. Rc8+ Ke7 44. Kd4 Kd6 45. Rb8 Rc7 46. Rb6+ Kd7 47. Rf6 Rc4+ 48. Ke5 Ra4 49. Rxf7+ Ke8 50. Rxh7 Rxa5 51. Ke6 Kf8 52. Rh8+ Kg7 53. Rc8 Ra2 54. Bf3 Ra3 55. Bg4 Re3+ 56. Kd6 Rxg3 57. Be6 Kf6 58. Rf8+ Kg5 59. Ke7 Bc4 60. h4+ Kh6 61. Rf6 Bxd5 62. Bxd5 Kh5 63. Rf4 g5 64. Bf7+ Kh6 65. Rf6+ Kh7 66. h5 Re3+ 67. Kf8 g4 68. Bg8+ 1-0

[Event "Wroclaw Black Horse op-B 1st"]
[Site "Wroclaw"]
[Date "2023.02.21"]
[Round "7"]
[White "Ozkan, Salih"]
[Black "Gibala, Adam"]
[Result "0-1"]
[WhiteElo "1740"]
[BlackElo "1775"]
[PlyCount "92"]
[EventDate "2023.02.18"]
[EventType "swiss"]
[EventRounds "10"]
[EventCountry "POL"]
[SourceTitle "EXT 2024"]
[Source "ChessBase"]
[SourceDate "2023.10.10"]
[SourceVersion "1"]
[SourceVersionDate "2023.10.10"]
[SourceQuality "1"]

1. e4 c5 2. Nc3 d6 3. Bb5+ Bd7 4. Bc4 Nf6 5. f4 Bc6 6. d3 d5 7. exd5 Nxd5 8. Nxd5 Bxd5 9. Bxd5 Qxd5 10. Qf3 Qxf3 11. Nxf3 e6 12. Bd2 Bd6 13. Ne5 Nd7 14. Bc3 f6 15. Nxd7 Kxd7 16. 0-0 Rhe8 17. Rae1 b5 18. b3 Rac8 19. f5 exf5 20. Rxf5 Rxe1+ 21. Bxe1 Be5 22. c4 a6 23. Rh5 h6 24. Kf2 Kc6 25. Bd2 Rd8 26. Ke2 b4 27. h3 a5 28. Rf5 a4 29. Rf1 axb3 30. axb3 Ra8 31. Bc1 Ra2+ 32. Kf3 Ra1 33. Ke2 Rb1 34. Be3 Rxb3 35. Rd1 Rc3 36. Rb1 Rc2+ 37. Kf3 Rb2 38. Rxb2 Bxb2 39. Ke2 Be5 40. Kd1 f5 41. Kc2 g5 42. Kb3 f4 43. Bf2 h5 44. Bg1 g4 45. hxg4 hxg4 46. Kc2 Bd4 0-1

[Event "Wroclaw Black Horse op-B 1st"]
[Site "Wroclaw"]
[Date "2023.02.18"]
[Round "1"]
[White "Frac, Piotr"]
[Black "Gibala, Adam"]
[Result "1/2-1/2"]
[WhiteElo "1529"]
[BlackElo "1775"]
[PlyCount "51"]
[EventDate "2023.02.18"]
[EventType "swiss"]
[EventRounds "10"]
[EventCountry "POL"]
[SourceTitle "EXT 2024"]
[Source "ChessBase"]
[SourceDate "2023.10.10"]
[SourceVersion "1"]
[SourceVersionDate "2023.10.10"]
[SourceQuality "1"]

1. e4 e6 2. d4 d5 3. Nd2 a6 4. Ngf3 c5 5. exd5 exd5 6. Be2 Nf6 7. 0-0 c4 8. Re1 Be7 9. c3 0-0 10. Ne5 Re8 11. Bf3 Be6 12. Nf1 Nc6 13. Bf4 Nd7 14. Nxd7 Qxd7 15. Ne3 Rad8 16. h3 Bd6 17. Bxd6 Qxd6 18. Qd2 b5 19. a3 Na5 20. Rad1 Nb3 21. Qc2 g6 22. Re2 f5 23. Rde1 Kf7 24. Qd1 Qd7 25. Nc2 a5 26. Re5 1/2-1/2

[Event "EU-ch Rapid"]
[Site "Katowice"]
[Date "2022.12.17"]
[Round "1"]
[White "Samunenkov, Igor"]
[Black "Gibala, Adam"]
[Result "1-0"]
[WhiteElo "2488"]
[BlackElo "1679"]
[PlyCount "105"]
[EventDate "2022.12.17"]
[EventType "swiss (rapid)"]
[EventRounds "11"]
[EventCountry "POL"]
[SourceTitle "CBM 211 Extra"]
[Source "ChessBase"]
[SourceDate "2023.01.31"]
[SourceVersion "1"]
[SourceVersionDate "2023.01.31"]
[SourceQuality "1"]

1. d4 Nf6 2. c4 e6 3. Nc3 Bb4 4. e3 0-0 5. Bd2 b6 6. Nf3 Bb7 7. Bd3 d6 8. 0-0 Nbd7 9. a3 Bxc3 10. Bxc3 Ne4 11. Be1 f5 12. Nd2 Nxd2 13. Bxd2 e5 14. f3 Qe7 15. Bc2 Rae8 16. Re1 Qh4 17. Bc3 Rf6 18. Qd2 Rh6 19. h3 Rf8 20. Qf2 Qe7 21. Rad1 e4 22. f4 c6 23. b4 a6 24. a4 d5 25. cxd5 cxd5 26. b5 a5 27. Bb3 g5 28. Qa2 Rd6 29. Bb2 gxf4 30. exf4 Nf6 31. Ba3 Kh8 32. Qf2 Rg8 33. Rc1 Qd7 34. Bxd6 Qxd6 35. Bd1 h6 36. Kh1 Kh7 37. Qe3 Qd7 38. Rg1 Bc8 39. Rc6 Qf7 40. Rxb6 Rg7 41. Rc6 Bd7 42. Rc7 h5 43. b6 Ne8 44. b7 Nxc7 45. b8Q Ne6 46. Qe5 Nf8 47. Qe2 Rg4 48. hxg4 hxg4 49. g3 Ng6 50. Qh2+ Kg8 51. Qb8+ Kg7 52. Qd6 Qe8 53. Qh5 1-0

[Event "EU-ch U10 30th"]
[Site "Antalya"]
[Date "2022.11.11"]
[Round "6"]
[White "Timushev, Ilias"]
[Black "Gibala, Adam"]
[Result "0-1"]
[WhiteElo "1562"]
[BlackElo "1783"]
[PlyCount "66"]
[EventDate "2022.11.06"]
[EventType "swiss"]
[EventRounds "9"]
[EventCountry "TUR"]
[SourceTitle "CBM 211 Extra"]
[Source "ChessBase"]
[SourceDate "2023.01.31"]
[SourceVersion "1"]
[SourceVersionDate "2023.01.31"]
[SourceQuality "1"]

1. d4 Nf6 2. Nf3 e6 3. e3 c5 4. Bd3 b6 5. b3 Bb7 6. Bb2 Nc6 7. Nbd2 d5 8. 0-0 Bd6 9. Ne5 0-0 10. f4 Ne7 11. Qf3 Nf5 12. Rae1 Rc8 13. Qh3 Ne4 14. Ndf3 f6 15. Ng4 c4 16. bxc4 dxc4 17. Bxe4 Bxe4 18. Nd2 Bxc2 19. e4 Bb4 20. exf5 Bxd2 21. fxe6 c3 22. Bc1 Qxd4+ 23. Kh1 Bxe1 24. Rxe1 Rfe8 25. f5 Bd1 26. Ne3 c2 27. Qg3 Rcd8 28. Nf1 Bh5 29. e7 Rd7 30. Bh6 Qg4 31. Qb3+ Bf7 32. Qb5 Rd1 33. Qb4 Qxb4 0-1

[Event "Wroclaw Radzikowska Blitz op"]
[Site "Wroclaw"]
[Date "2022.11.04"]
[Round "3"]
[White "Socko, Monika"]
[Black "Gibala, Adam"]
[Result "1-0"]
[WhiteElo "2458"]
[BlackElo "1783"]
[PlyCount "55"]
[EventDate "2022.11.04"]
[EventType "swiss (blitz)"]
[EventRounds "11"]
[EventCountry "POL"]
[SourceTitle "EXT 2024"]
[Source "ChessBase"]
[SourceDate "2023.10.10"]
[SourceVersion "1"]
[SourceVersionDate "2023.10.10"]
[SourceQuality "1"]

1. d4 Nf6 2. c4 e6 3. Nf3 c5 4. d5 exd5 5. cxd5 d6 6. Nc3 g6 7. h3 Bg7 8. Bf4 a6 9. a4 0-0 10. e3 Re8 11. Be2 Bf5 12. 0-0 Ne4 13. Rc1 Nxc3 14. bxc3 Qc7 15. Nd2 Nd7 16. g4 Be4 17. Nc4 Be5 18. Nxe5 dxe5 19. Bg3 g5 20. f3 Bg6 21. e4 Qd6 22. Bf2 Rec8 23. c4 Rab8 24. Qd2 f6 25. h4 h6 26. Kg2 Kg7 27. Rh1 Rh8 28. Rb1 1-0

[Event "Wroclaw Radzikowska Blitz op"]
[Site "Wroclaw"]
[Date "2022.11.04"]
[Round "1"]
[White "Wieczorek, Oskar"]
[Black "Gibala, Adam"]
[Result "1-0"]
[WhiteElo "2504"]
[BlackElo "1783"]
[PlyCount "37"]
[EventDate "2022.11.04"]
[EventType "swiss (blitz)"]
[EventRounds "11"]
[EventCountry "POL"]
[SourceTitle "EXT 2024"]
[Source "ChessBase"]
[SourceDate "2023.10.10"]
[SourceVersion "1"]
[SourceVersionDate "2023.10.10"]
[SourceQuality "1"]

1. Nf3 d5 2. g3 c5 3. Bg2 Nc6 4. d4 cxd4 5. Nxd4 Nf6 6. 0-0 Bd7 7. c4 Nxd4 8. Qxd4 Bc6 9. Nc3 dxc4 10. Bxc6+ bxc6 11. Qxc4 Qd7 12. Rd1 Qb7 13. Bg5 Nd7 14. Ne4 Nb6 15. Qb3 e6 16. a4 c5 17. Qb5+ Qd7 18. Rxd7 Nxd7 19. Rd1 1-0

[Event "Wroclaw Anderssen Memorial"]
[Site "Wroclaw"]
[Date "2022.07.30"]
[Round "7"]
[White "Klintsevich, Aliaksandra"]
[Black "Gibala, Adam"]
[Result "1-0"]
[WhiteElo "1428"]
[BlackElo "1549"]
[PlyCount "129"]
[EventDate "2022.07.30"]
[EventType "swiss (rapid)"]
[EventRounds "9"]
[EventCountry "POL"]
[SourceTitle "CBM 209 Extra"]
[Source "ChessBase"]
[SourceDate "2022.09.30"]
[SourceVersion "1"]
[SourceVersionDate "2022.09.30"]
[SourceQuality "1"]

1. d4 d5 2. c4 c6 3. Nf3 e6 4. Qc2 Nf6 5. g3 Be7 6. Bg2 0-0 7. 0-0 Nbd7 8. Nbd2 h6 9. b3 b6 10. Bb2 Ba6 11. Rac1 Rc8 12. Rfd1 c5 13. Qb1 cxd4 14. Nxd4 Bc5 15. e3 Qe7 16. cxd5 exd5 17. N2f3 Rfd8 18. Nf5 Qf8 19. Qa1 Kh7 20. Ne5 g6 21. Nxd7 Nxd7 22. Nd4 Nf6 23. Bh3 Rc7 24. b4 Bd6 25. Nc6 Ne4 26. Nxd8 Qxd8 27. Rxc7 Bxc7 28. Be5 Bc4 29. Bxc7 Qxc7 30. Bg2 Qe7 31. Qd4 Nf6 32. a3 Bb3 33. Rb1 Bc4 34. Rc1 b5 35. Qc5 Qd7 36. Qd4 Qe7 37. Bf1 a6 38. Bxc4 dxc4 39. Rd1 Ne4 40. f3 Ng5 41. Kg2 Ne6 42. Qd6 Qa7 43. Kf2 Ng5 44. Qd7 Qa8 45. e4 Qg8 46. h4 Ne6 47. Rd6 c3 48. Rxe6 c2 49. Rc6 c1B 50. Rxc1 Qg7 51. Qd2 Qf6 52. Rc3 Qb6+ 53. Qe3 Qe6 54. Qd3 Qa2+ 55. Qc2 Qe6 56. Rc7 Kg7 57. Qc3+ Kh7 58. Qc6 Qa2+ 59. Qc2 Qe6 60. Qc3 Qa2+ 61. Ke3 g5 62. Rc8 Qb1 63. Qh8+ Kg6 64. Qg8+ Kh5 65. Qxf7# 1-0

[Event "Wroclaw Anderssen Memorial"]
[Site "Wroclaw"]
[Date "2022.07.30"]
[Round "6"]
[White "Nagly, Wojciech"]
[Black "Gibala, Adam"]
[Result "1-0"]
[WhiteElo "1396"]
[BlackElo "1549"]
[PlyCount "75"]
[EventDate "2022.07.30"]
[EventType "swiss (rapid)"]
[EventRounds "9"]
[EventCountry "POL"]
[SourceTitle "CBM 209 Extra"]
[Source "ChessBase"]
[SourceDate "2022.09.30"]
[SourceVersion "1"]
[SourceVersionDate "2022.09.30"]
[SourceQuality "1"]

1. e4 c5 2. Nf3 Nc6 3. d4 cxd4 4. Nxd4 Nf6 5. Nc3 d6 6. Be3 e5 7. Nb3 Be7 8. Be2 0-0 9. Qd2 a5 10. a4 Nb4 11. 0-0-0 Be6 12. Bg5 Ne8 13. Bxe7 Qxe7 14. Kb1 f5 15. f3 Bxb3 16. cxb3 Rd8 17. Nd5 Nxd5 18. Qxd5+ Kh8 19. Qxa5 fxe4 20. fxe4 Nf6 21. Bf3 Qf7 22. Qb4 d5 23. exd5 Qg6+ 24. Ka2 e4 25. Be2 Qxg2 26. Bc4 e3 27. Rhg1 Qxh2 28. Qxb7 Rd7 29. Qb6 e2 30. Rde1 Nxd5 31. Bxd5 Qe5 32. Qb5 Rxd5 33. Qxe2 Qxe2 34. Rxe2 g5 35. Re7 h5 36. Rc1 h4 37. Rcc7 Rf2 38. Re8+ 1-0

[Event "Wroclaw Anderssen Memorial"]
[Site "Wroclaw"]
[Date "2022.07.30"]
[Round "2"]
[White "Strasil, Pavel"]
[Black "Gibala, Adam"]
[Result "1-0"]
[WhiteElo "2050"]
[BlackElo "1549"]
[PlyCount "67"]
[EventDate "2022.07.30"]
[EventType "swiss (rapid)"]
[EventRounds "9"]
[EventCountry "POL"]
[SourceTitle "CBM 209 Extra"]
[Source "ChessBase"]
[SourceDate "2022.09.30"]
[SourceVersion "1"]
[SourceVersionDate "2022.09.30"]
[SourceQuality "1"]

1. Nf3 d5 2. e3 c5 3. d4 e6 4. c4 Nf6 5. Nc3 Nc6 6. cxd5 exd5 7. Be2 Be7 8. dxc5 Bxc5 9. 0-0 0-0 10. b3 Be6 11. Bb2 Ne4 12. Nb5 Qb6 13. Nbd4 Rad8 14. Rc1 Bxd4 15. Nxd4 Rfe8 16. Nxc6 bxc6 17. Qd4 Qxd4 18. Bxd4 Rd6 19. Rc2 Rc8 20. Rfc1 Bf5 21. Ba6 Rcd8 22. Rxc6 f6 23. h4 h6 24. f3 Nd2 25. Kf2 Nb1 26. Bxa7 Na3 27. Be2 Rxc6 28. Rxc6 Nc2 29. Bc5 Ra8 30. a4 Na1 31. Bd1 Rb8 32. b4 Bd3 33. b5 Ra8 34. Bd4 1-0

[Event "POL-chT U18 1st"]
[Site "Poland"]
[Date "2022.06.25"]
[Round "1.4"]
[White "Gibala, Adam"]
[Black "Niesporek, Franciszek"]
[Result "1/2-1/2"]
[WhiteElo "1516"]
[BlackElo "1332"]
[PlyCount "81"]
[EventDate "2022.06.25"]
[EventType "team-swiss"]
[EventRounds "9"]
[EventCountry "POL"]
[SourceTitle "EXT 2023"]
[Source "ChessBase"]
[SourceDate "2022.10.05"]
[SourceVersion "1"]
[SourceVersionDate "2022.10.05"]
[SourceQuality "1"]
[WhiteTeam "Wroclaw Srodmiescie"]
[BlackTeam "Ognisko Rydultowy"]
[WhiteTeamCountry "POL"]
[BlackTeamCountry "POL"]

1. e4 c5 2. Nf3 d6 3. c3 Nf6 4. Be2 g6 5. 0-0 Bg7 6. Bb5+ Nc6 7. Re1 0-0 8. d4 Qc7 9. Bxc6 Qxc6 10. d5 Qc7 11. c4 e6 12. Nc3 a6 13. Bg5 h6 14. Bxf6 Bxf6 15. e5 dxe5 16. d6 Qc6 17. Nxe5 Bxe5 18. Rxe5 Rd8 19. Qg4 Qxd6 20. Rae1 b6 21. Qf3 Ra7 22. Qf6 Qe7 23. Qf4 Rd4 24. Qxh6 Qh4 25. Qe3 Kg7 26. Re4 Rxe4 27. Nxe4 Rd7 28. Nd6 Qd8 29. Rd1 Bb7 30. h3 Kg8 31. Qe5 Qc7 32. Kh2 Qc6 33. f3 Qc7 34. h4 Qd8 35. Kh3 Qe7 36. h5 gxh5 37. Qg3+ Kh7 38. Qe5 Kg8 39. Qg3+ Kh7 40. Qe5 Kg8 41. Qg3+ 1/2-1/2

[Event "Wch U10 blitz"]
[Site "Rhodes"]
[Date "2022.05.03"]
[Round "5"]
[White "Gabadadze, Gabriel"]
[Black "Gibala, Adam"]
[Result "1/2-1/2"]
[WhiteElo "1254"]
[BlackElo "1501"]
[PlyCount "79"]
[EventDate "2022.05.03"]
[EventType "swiss (blitz)"]
[EventRounds "9"]
[EventCountry "GRE"]
[SourceTitle "CBM 208 Extra"]
[Source "ChessBase"]
[SourceDate "2022.07.31"]
[SourceVersion "1"]
[SourceVersionDate "2022.07.31"]
[SourceQuality "1"]

1. e4 c5 2. Nf3 Nc6 3. d4 cxd4 4. Nxd4 Nf6 5. Nc3 d6 6. Bg5 e6 7. Qd3 Be7 8. 0-0-0 a6 9. Kb1 0-0 10. f4 Bd7 11. Be2 Qa5 12. Nb3 Qb6 13. Bxf6 Bxf6 14. Qxd6 Bxc3 15. bxc3 Rfd8 16. Qc5 Qc7 17. e5 b6 18. Qa3 a5 19. Rd6 Ne7 20. Bf3 Rac8 21. Rhd1 Nf5 22. R6d3 Bb5 23. Rxd8+ Rxd8 24. Rxd8+ Qxd8 25. Qc1 Qc7 26. Qd2 h6 27. Be4 Qc4 28. Bd3 Qc6 29. Bxb5 Qxb5 30. Qd3 Qc6 31. Qd2 a4 32. Nd4 Qd5 33. a3 h5 34. Kb2 g6 35. g3 b5 36. Qd3 Nxd4 37. Qxd4 Qg2 38. Qd8+ Kg7 39. Qf6+ Kg8 40. Qd8+ 1/2-1/2